000 00491nam a2200181Ia 4500
005 20250508150333.0
008 008 250505s9999 xx 000 0 hin d
037 _aTextual
040 _aFEDL
_beng
_cFEDL
041 _ahin
_2eng
084 _a891.43, PAN
_qFEDL
100 _aPandey Chandrabali
_9755877
245 0 _aRashtybhasha par vichar
260 _aKashi, India
_bSaraswati Mandir
300 _a175p.
942 _cTEXL
_h891.43, PAN
999 _c1323070
_d1323070